Educació afectiva i caracterológica de l'infant (Record no. 101075)

MARC details
000 -LEADER
campo de control de longitud fija 00806nam a2200229 i 4500
001 - NÚMERO DE CONTROL
campo de control 101075
003 - IDENTIFICADOR DE NÚMERO DE CONTROL
campo de control ES-MaACL
005 - FECHA Y HORA DE LA ÚLTIMA TRANSACCIÓN
campo de control 20230906182821.0
007 - CAMPO FIJO DE DESCRIPCIÓN FÍSICA--INFORMACIÓN GENERAL
campo de control de longitud fija t|
008 - DATOS DE LONGITUD FIJA--INFORMACIÓN GENERAL
campo de control de longitud fija 051011s1973 sp ||||1| cat d
100 1# - ENTRADA PRINCIPAL--NOMBRE DE PERSONA
Nombre de persona Mauco, Georges.
9 (RLIN) 79180
245 10 - MENCIÓN DEL TÍTULO
Título Educació afectiva i caracterológica de l'infant
Resto del título : problemes actuals de la familia i de l'escola /
Mención de responsabilidad, etc. Georges Mauco; [versió... Lluis Riera].
250 ## - MENCION DE EDICION
Mención de edición [1ª ed.].
260 ## - PUBLICACIÓN, DISTRIBUCIÓN, ETC.
Lugar de publicación, distribución, etc. Barcelona :
Nombre del editor, distribuidor, etc. Nova Terra,
Fecha de publicación, distribución, etc. 1973.
300 ## - DESCRIPCIÓN FÍSICA
Extensión 367 p. ;
Dimensiones 21 cm.
490 1# - MENCIÓN DE SERIE
Mención de serie Col·lecció Nadal ;
Designación de volumen o secuencia 34. Serie de Psicopedagogía
650 #4 - PUNTO DE ACCESO ADICIONAL DE MATERIA--TÉRMINO DE MATERIA
Término de materia o nombre geográfico como elemento de entrada Emociones en niños.
9 (RLIN) 166232
700 1# - ENTRADA AGREGADA--NOMBRE PERSONAL
Nombre de persona Riera, Lluis.
9 (RLIN) 97110
830 0# - PUNTO DE ACCESO ADICIONAL DE SERIE-TÍTULO UNIFORME
Título uniforme Col·lecció Nadal ;
Designación de volumen o secuencia 34. Serie de Psicopedagogía
9 (RLIN) 181843
852 ## - LOCALIZACIÓN
Ubicación ES-MaACL
Número de control de estantería C-52095
Sublocalización o colección R.85257
Holdings
Estatus retirado Estado de pérdida Estado de daño No para préstamo Biblioteca de origen Biblioteca actual Ubicación en estantería Fecha de adquisición Fuente de adquisición Total de préstamos Signatura topográfica completa Código de barras Visto por última vez Precio de reemplazo Tipo de ítem Koha
        Biblioteca del Ateneo de Madrid Biblioteca del Ateneo de Madrid Depósito 2 17/01/2008     C-52095 1105528 23/02/2023 23/02/2023 Libro impreso